[Event "HUN-chT2 Barcza 0708"]
[Site "Hungary"]
[Date "2007.12.09"]
[Round "4"]
[White "Kristofori, Attila"]
[Black "Suhajda, Sandor"]
[Result "1-0"]
[WhiteElo "2144"]
[BlackElo "1928"]
[PlyCount "81"]
[EventDate "2007.10.14"]
[EventType "team"]
[EventRounds "11"]
[EventCountry "HUN"]
[SourceTitle "EXT 2009"]
[Source "ChessBase"]
[SourceDate "2008.11.26"]
[SourceVersion "1"]
[SourceVersionDate "2008.11.26"]
[SourceQuality "1"]
[WhiteTeam "Munkacs"]
[BlackTeam "Tiszaujvaros"]
[WhiteTeamCountry "HUN"]
[BlackTeamCountry "HUN"]

1. d4 d5 2. Nf3 Bg4 3. Ne5 Bf5 4. c4 dxc4 5. Nc3 c6 6. e4 Bg6 7. Bxc4 Nd7 8. Nxg6 hxg6 9. Qb3 e6 10. Be3 Nb6 11. Be2 Nf6 12. a4 Qc7 13. h3 Be7 14. a5 Nbd7 15. Bf3 0-0 16. 0-0 Rfd8 17. Rfc1 e5 18. d5 Nc5 19. Qc4 cxd5 20. Nxd5 Nxd5 21. exd5 Rdc8 22. Bg4 Qd6 23. Bxc8 Rxc8 24. b4 b6 25. bxc5 bxc5 26. Rab1 Qc7 27. a6 Kh7 28. Rb7 Qd6 29. Qb5 Bf6 30. Rd7 Qb6 31. Qxb6 axb6 32. a7 e4 33. Rb7 Ra8 34. Rc4 Bd8 35. Rb8 Rxa7 36. Rxd8 f5 37. Rb8 Rd7 38. Bxc5 Rxd5 39. Bd4 b5 40. Rcc8 g5 41. Rd8 1-0

[Event "HUN-chT2 Barcza 0708"]
[Site "Hungary"]
[Date "2007.11.11"]
[Round "2"]
[White "Hidegh, Gabor"]
[Black "Kristofori, Attila"]
[Result "1-0"]
[WhiteElo "2136"]
[BlackElo "2144"]
[PlyCount "119"]
[EventDate "2007.10.14"]
[EventType "team"]
[EventRounds "11"]
[EventCountry "HUN"]
[SourceTitle "EXT 2009"]
[Source "ChessBase"]
[SourceDate "2008.11.26"]
[SourceVersion "1"]
[SourceVersionDate "2008.11.26"]
[SourceQuality "1"]
[WhiteTeam "DEAC"]
[BlackTeam "Munkacs"]
[WhiteTeamCountry "HUN"]
[BlackTeamCountry "HUN"]

1. d4 d5 2. Nf3 Nf6 3. Bf4 e6 4. e3 Bd6 5. Bg3 0-0 6. Bd3 c5 7. c3 Nc6 8. Nbd2 cxd4 9. exd4 Qc7 10. Qe2 e5 11. Nxe5 Re8 12. f4 Ng4 13. 0-0 f6 14. Qf3 fxe5 15. fxe5 Ncxe5 16. dxe5 Bc5+ 17. Kh1 Be6 18. Nb3 Rf8 19. Qe2 Nh6 20. Qc2 b6 21. Bxh7+ Kh8 22. Bd3 Qd7 23. Nxc5 bxc5 24. Qe2 Bg4 25. Qe3 d4 26. cxd4 cxd4 27. Qg5 Bf5 28. Rxf5 Rxf5 29. Bxf5 Qxf5 30. Qxf5 Nxf5 31. Bf4 Rd8 32. g4 Ne3 33. Bxe3 dxe3 34. Re1 Rd3 35. Kg2 Rd2+ 36. Kf3 Rxb2 37. Rxe3 Kg8 38. Re2 Rb4 39. e6 Kf8 40. h4 Ke7 41. Re4 Rb7 42. Kf4 Rb5 43. g5 Ra5 44. a4 Rc5 45. Kg4 g6 46. h5 gxh5+ 47. Kxh5 a5 48. Kh6 Rc1 49. Kg7 Rb1 50. Re5 Rb7 51. Rxa5 Kxe6+ 52. Kg6 Rb6 53. Rf5 Ke7+ 54. Rf6 Rb1 55. a5 Ra1 56. a6 Ra5 57. Kh6 Ra1 58. Kg7 Ra2 59. g6 Ra1 60. Rf7+ 1-0

[Event "HUN-chT2 Barcza 0607"]
[Site "Hungary"]
[Date "2007.05.20"]
[Round "11"]
[White "Kristofori, Attila"]
[Black "Zilahi, Tamas"]
[Result "1/2-1/2"]
[WhiteElo "2227"]
[BlackElo "1768"]
[PlyCount "89"]
[EventDate "2006.11.12"]
[EventType "team"]
[EventRounds "11"]
[EventCountry "HUN"]
[SourceTitle "EXT 2008"]
[Source "ChessBase"]
[SourceDate "2007.11.25"]
[SourceVersion "1"]
[SourceVersionDate "2007.11.25"]
[SourceQuality "1"]
[WhiteTeam "Munkacs"]
[BlackTeam "Szabolcs Volan"]
[WhiteTeamCountry "HUN"]
[BlackTeamCountry "HUN"]

1. d4 Nf6 2. Nf3 e6 3. c4 Bb4+ 4. Bd2 Bxd2+ 5. Nbxd2 Nc6 6. g3 d5 7. Bg2 0-0 8. 0-0 Qd7 9. e3 b6 10. Ne5 Nxe5 11. dxe5 Ne8 12. cxd5 exd5 13. Nb3 c6 14. e4 Nc7 15. Nd4 c5 16. Nf5 d4 17. Bh3 Kh8 18. g4 Bb7 19. f3 Qe6 20. Rf2 Qxe5 21. f4 Qe6 22. Ng3 Bxe4 23. Nxe4 Qxe4 24. Bg2 Qe6 25. f5 Qe3 26. Bxa8 Rxa8 27. Qa4 Qe8 28. Qc4 Qd7 29. b4 Qd5 30. Rc1 Qxc4 31. Rxc4 Na6 32. bxc5 bxc5 33. f6 Re8 34. a3 Re6 35. g5 Re5 36. h4 Re4 37. Kf1 Rxh4 38. Re2 gxf6 39. Re8+ Kg7 40. gxf6+ Kxf6 41. Ra8 Re4 42. Rxa7 Re6 43. Ra4 Nb8 44. Rb7 Na6 45. Ra7 1/2-1/2